LEADER 00463naa a2200145 i 4500 001 000000307337 003 CaOOAMICUS 005 20180831172914.0 008 180831n it u000 u ita u 013 $a16040 040 $aSeMil$bita 100 1 $aMeli, Antonio.$0(OLS)http://semarc/name/42153 245 13$aLa Parola umana tra i segni. 650 4$aParola - Teologia.$0(OLS)http://semarc/subject/13347 996 $6245$aLa Parola umana tra i segni$9(OLS)http://semarc/title/382708 LEADER 01021nas a2200253 i 4500 001 000000236331 003 CaOOAMICUS 005 20141201000000.0 008 141201b2005 it uu u0 0ita r 013 $a215235 040 $aSeMil$bita 245 10$aVolume 146. 260 $aMilano :$b[s.n.],$c2005. 300 $a1 v. :$bill. ;$c25 cm. 500 $aManca il fasc. 2. 700 1 $aMuseo Civico di Storia Naturale .$0(OLS)http://semarc/name/1739 710 2 $aSocietà Italiana di Scienze Naturali .$0(OLS)http://semarc/name/30971 773 0 $tAtti della Società italiana di Scienze naturali e del Museo civico di Storia naturale di Milano.$dMilano : [s.n.], 1862.$w()1950 774 0 $t[SENZA TITOLO].$w()282977 850 $aSeMil 852 $aSeMil$W1$xVenegono$y1$m166 4 33/1$j186677$B186677$CSeMilBibl$Z2$F197410 $85 961 $aOmaggio: Gentili don Elio 996 $6245$aVolume 146$9(OLS)http://semarc/title/336809 996 $6260$aMilano :$b[s.n.]$9(OLS)http://semarc/publisher/29709